00331nam a2200121Ia 4500008004100000041001200041082001800053100003500071245005400106260002300160300000800183650001800191231217s9999 xx 000 0 und d aEnglish a621.4022 KRE aKreith, Frank Black, William Z 0aSolutions manual to accompany basic heat transfer c1980bHarper & Row a217 aHeat transfer